L'usignolo della Chiesa Cattolica /

সংরক্ষণ করুন:
গ্রন্থ-পঞ্জীর বিবরন
প্রধান লেখক: Pasolini, Pier Paolo (লেখক)
বিন্যাস: গ্রন্থ
ভাষা:ইতালিয়
প্রকাশিত: Torino : Einaudi, 1982
মালা:Gli struzzi. Società ; 250
ট্যাগগুলো: ট্যাগ যুক্ত করুন
কোনো ট্যাগ নেই, প্রথমজন হিসাবে ট্যাগ করুন!

MARC

LEADER 00000nam a22000007i 4500
001 IT\ICCU\RLZ\0197299
003 ItRI
005 20250907123753.0
008 020701s1982 it |||||| ||||| |||||c
040 |b ita  |c ct 
041 7 |a ita  |2 ISO-639-2 
100 1 |a Pasolini, Pier Paolo  |0 IT\ICCU\CFIV\001068  |4 aut 
245 1 2 |a L'usignolo della Chiesa Cattolica /  |c Pier Paolo Pasolini. 
260 |a Torino :  |b Einaudi,  |c 1982 
300 |a 132 p. ;  |c 19 cm 
830 4 |a Gli struzzi. Società ;  |v 250  |0 IT\ICCU\RAV\0004205 
942 |2 ddc  |c BK 
952 |0 0  |1 0  |2 ddc  |4 0  |6 B_LPS01PASPIUSI11  |7 0  |9 5700  |a MI  |b MI  |d 1987-07-22  |i 418  |l 0  |o B-LPS01-PASPI-USI11  |p CDOM418  |r 2025-07-13 16:28:00  |w 2025-07-13  |x ACQUISTO  |y BK 
981 1 |6 z01  |a i   |b xxxe  
982 1 |6 z01  |a n 
999 |c 4544  |d 4544